Tech talk : Teacher's book

保存先:
書誌詳細
第一著者: Hollett, Vicki
フォーマット: 図書
言語:Undetermined
出版事項: Oxford Oxford University Press 2005
主題:
タグ: タグ追加
タグなし, このレコードへの初めてのタグを付けませんか!
Thư viện lưu trữ: Trung tâm Học liệu Trường Đại học Cần Thơ
LEADER 00537nam a2200217Ia 4500
001 CTU_93465
008 210402s9999 xx 000 0 und d
020 |c 122000 
082 |a 428.0071 
082 |b H733 
100 |a Hollett, Vicki 
245 0 |a Tech talk : 
245 0 |b Teacher's book 
245 0 |c Vicki Hollett 
260 |a Oxford 
260 |b Oxford University Press 
260 |c 2005 
650 |a English language 
650 |x Textbooks 
904 |i Truc 
980 |a Trung tâm Học liệu Trường Đại học Cần Thơ